UZAK ÜLKE (Record no. 689868)
[ view plain ]
| 000 -LEADER | |
|---|---|
| sabit uzunluktaki kontrol alanı | 00233nam a2200097Ia 4500 |
| 001 - KONTROL NUMARASI | |
| kontrol alanı | 689868 |
| 005 - EN SON İŞLEMİN TARİH VE ZAMANI | |
| kontrol alanı | 20250826161805.0 |
| 008 - SABİT-UZUNLUKTA VERİ ÖĞELERİ--GENEL BİLGİ | |
| sabit uzunluktaki kontrol alanı | 250824s9999 xx 000 0 und d |
| 245 #0 - ESER / YAZAR | |
| ESER ADI | UZAK ÜLKE |
| Yazar Adı | FATMA ALİYE |
| 260 ## - YAYIN, DAĞITIM, VB. | |
| YAYIN EVİ | TİMAŞ YAYINLARI |
| Düşüm durumu | Kayıp durumu | Hasar Durumu | Ödünç verilmez | Ana kütüphane | Geçerli Kütüphane | Edinilen tarih | Toplam ödünç verme sayısı | Barkod | Son görüntüleme tarihi | Fiyatın geçerli olmaya başladığı tarih | Koha materyal türü |
|---|---|---|---|---|---|---|---|---|---|---|---|
| M. HALİL İBRAHİM HEKİMOĞLU MESLEKİ VE TEKNİK A. L. | M. HALİL İBRAHİM HEKİMOĞLU MESLEKİ VE TEKNİK A. L. | 24.08.2025 | 1017718 | 26.08.2025 | 26.08.2025 | Books |